| 000 | 00526nam a22001817a 4500 | ||
|---|---|---|---|
| 999 |
_c180226 _d180226 |
||
| 005 | 20210729165112.0 | ||
| 010 | _aENG-129653 | ||
| 020 | _a978-81-927999-0-2 | ||
| 035 | _aEN-113185 | ||
| 037 | _bDBAD/PUB | ||
| 082 |
_a573 _b1 |
||
| 100 | _aREDDY,V.RAMI | ||
| 245 |
_aANTHROPOLOGY IN THE SERVICE OF HUMANITY _cV.RAMI REDDY |
||
| 260 |
_bV.INDIRA _c2018 |
||
| 270 |
_a#8-30,(OPP) VIDYANAGAR SVUNT COLONY,TIRUPATI _bANDHRA PRADESH _e517502 |
||
| 300 |
_a62p. _b22cm(pbk) |
||
| 942 |
_2ddc _cEN _h573 _kRED _e1 |
||